Statistics for Led Zeppelin Lyrics

Click here to take the quiz!

General Stats

  • This quiz has been taken 1,035 times
  • The average score is 6 of 15

Answer Stats

HintAnswer% Correct
There's a lady who's sure, all that ________ __ ____, and she's buying a stairway to Heaven.glitters is gold
95%
I'm goin' to California with an achin' __ __ _____.in my heart
66%
Been dazed and confused so long it's not true. Wanted a woman never _________ ___ ___.bargained for you
46%
Good times, bad times, you know I've had my share. When my woman left home for a _____ ____ ___, but I still dont seem to care.brown eyed man
46%
But in the darkest depths of ______ I met a girl so fair. But ______ and the evil one crept up and slipped away with her, her, yeah.Mordor Gollum
44%
______ ___ _______ all around, it's time I was on my way.Leaves are falling
38%
And as we wind on down the road, our _______ ______ ____ ___ _____.shadows taller than our souls
38%
We come from the land of ice and snow, where ___ ________ ___ and the hot springs blow.the midnight sun
38%
We Shangri-la beneath the ______ ____, I will return again.summer moon
26%
With a ______ ________ and a fifty-cent hat, livin' lovin', she's just a woman.purple umbrella
25%
She's only _____ _____ ___, a real fine way to start.three years old
25%
The _____ __ _____ took her bow, and then she turned to go.queen of light
23%
I've got my flower I've got my power, I've got _ _____ ___ _____.a woman who knows
20%
The drums will shake the ______ _____, the ring wraiths ride in black.castle walls
19%
Everybody tryin' to tell me, that you didn't ____ __ __ ____.mean me no good
13%

Score Distribution

Percentile by Number Answered

Percent of People with Each Score

Your Score History

You have not taken this quiz